00489nam a2200157Ia 4500008004100000041000800041082001200049100002100061245002300082250001400105260003400119300003200153365001100185999001700196952011800213240624s9999 xx 000 0 und d aeng a330 GIL aGILLESPIE ANDREW aBUSINESS ECONOMICS a(2nd ed.) c2013aNew DelhibOxford India axxiv, : 492 : p. : cm. ; 24 cRSb31 c23107d23107 00104070aIMTNbIMTNcRack 4-Bd2014-09-26eVBCg459.00o330 GILp23107r2024-06-24 00:00:00t1w2024-06-24yBK